000 00400nam a2200145Ia 4500
008 100122s9999 xx 000 0 und d
082 _b56276
_a623.19
100 _aघाणेकर प्र के
245 _aजंजिरा
260 _bस्नेहल प्रकाशन
_c1999
300 _a68
630 _aजंजिरा
730 _aजंजिरा
942 _cBOOK
999 _c432738
_d432735